000 00819nam a2200205 a 4500
001 000006843
005 20200929154015.0
008 090903s2009 dr 001 0 spa d
040 _aDO-SdBNP
_bspa
_cBNPHU
082 _aR 467.97293
_bG633d
100 1 _aGómez Marí, Lucy
_919008
245 1 0 _aDominicanismo :
_bdiccionario para entender al dominicano: una recopilación de palabras, frases y expresiones que definen la idiosincrasia del dominicano /
_cLucy Gómez Marín.
260 _aSanto Domingo :
_bConadex,
_c2009.
300 _a173 p. ;
_c21 cm.
500 _aIncluye datos biográficos de la autora
504 _aIncluye referencias bibliográficas
650 4 _aDominicanismos
_vDICCIONARIOS
_99496
650 4 _aEspañol
_xPalabras y frases
_vDICCIONARIOS
_919009
910 _aValidado. Control de calidad MFF
999 _c6631
_d6631